Представление документа в формате MARC21

Поле Инд. ПП Название Значение
Тип записи a
Библиографический уровень b
001 Контрольный номер RU/IS/BASE/401986833
005 Дата корректировки 20260319173915.9
084 a Индекс другой классификации/Индекс ББК *
a Индекс другой классификации/Индекс ББК 63.3(2)52
097 00 a 750
100 10 a Автор Машанова Л. В.
q Полное имя Машанова Людмила Васильевна
100 1_ a Автор Машанова Ю. И.
q Полное имя Машанова Юлия Исааковна
245 00 a Заглавие История Кавказа в творчестве М. Ю. Лермонтова
504 a Библиография Лит. в примеч.
600 14 a Персоналии Лермонтов Михаил Юрьевич
650 04 a Основная рубрика история
a Основная рубрика история литературы
a Основная рубрика литературоведение
a Основная рубрика филологические науки
653 00 a Ключевые слова "Валерик"
a Ключевые слова "Измаил-Бей"
a Ключевые слова "Кавказский пленник"
a Ключевые слова "Мцыри"
a Ключевые слова XIX век
a Ключевые слова XVI век
a Ключевые слова XVII век
a Ключевые слова XVIII век
a Ключевые слова внешняя политика
a Ключевые слова внутренняя политика
a Ключевые слова геополитические интересы
a Ключевые слова Кавказская война 1817-1864
a Ключевые слова кавказский вопрос
a Ключевые слова национальная политика (этнополитика)
a Ключевые слова политика
a Ключевые слова романтизм
a Ключевые слова Российская империя
a Ключевые слова Россия
773 00 t Заглавие источника Вопросы истории
d Дата издания источника 2012
g Прочая информация № 2. - С. 156 - 161
w Контрольный № источника RU/IS/BASE/383238307
901 t Тип документа b